00791nam a2200181 a 4500003000200000005001700002008004100019050003100060100003700091245013900128260009200267300004800359504004300407650002900450650003600479650002900515650006500544020250603084230.0021121s19uu xx 00 eng d aPGS RA 1242.T6b.D366 2000 aDe Luzuriaga , Antonio Rafael R. aThe perception of the third year Southville International School students on the effects of smoking /cAntonio Rafael R. De Luzuriaga. aLas Piñas City, Philippines : bSouthville International School and Colleges,c2000. a50 pages :bcolored illustrations ;c28 cm. aIncludes bibliographical references.  aSmokingvHealth aspects. aSmokingvPsychological aspects. aSmokingvSocial aspects. aHigh school studentsvHealth knowledge, attitudes, practice.